| 000 | 00351 a2200157 4500 | ||
|---|---|---|---|
| 001 | 14208 | ||
| 020 | _a9788589059589 | ||
| 040 | _cAnchieta - Aquarius | ||
| 100 | _aKnittel, Débora | ||
| 240 | 1 | 0 |
_a=Eclipse da lua azul _lpor |
| 245 | 1 | 0 | _a=Eclipse da lua azul |
| 300 | _a220p. | ||
| 362 | 0 | _a2014 | |
| 650 | 4 | _aLiteratura brasileira | |
| 942 | _cBK | ||
| 999 |
_c14208 _d14208 |
||